Cars - Characters by Picture - Statistics

General Stats
  • This quiz has been taken 394 times
  • The average score is 26 of 106
Answer Stats
Picture Answer % Correct
Montgomery 'Lightning' McQueen
98%
Mack
94%
Doctor Hudson Hornet, MD
83%
Sally Carrera
83%
Tow Mater
83%
Luigi
77%
Chick Hicks
76%
Jackson Storm
76%
Strip 'The King' Weathers
76%
Guido
71%
Cruz Ramirez
65%
Flo
62%
The Sheriff
62%
Ramone
61%
Red
61%
Sarge
58%
Finn McMissile
55%
Fillmore
53%
Francesco Bernoulli
51%
The Queen
45%
Lizzie
42%
Sterling
42%
Tex Dinoco
42%
Sir Miles Axlerod
38%
Dusty Crophopper
35%
Holley Shiftwell
35%
Boost
31%
Smokey
31%
Darrell Catrip
30%
Ivan
29%
Rusty
29%
Wingo
29%
Dusty
28%
Bob Cutlass
27%
Jeff Gorvette
27%
Miss Fritter
27%
Van
25%
Jay Limo
23%
Prof. Wolfgang Otto Zündapp
23%
Grem
22%
Lynda Weathers
22%
Minny
22%
Acer
20%
Natalie Certain
19%
Uncle Topolino
19%
Not Chuck
18%
Rod 'Torque' Redline
18%
Dr. Damage
17%
Victor Hugo
16%
Mel Dorado
15%
River Scott
15%
Skipper Riley
15%
Tomber
14%
Alexander Hugo
13%
El Chupacabra
12%
Louise 'Barnstormer' Nash
12%
Ripslinger
12%
Tubbs Pacer
12%
Vladimir Trunkov
12%
David Hobbscap
11%
J. Curby Gremlin
11%
Dottie
10%
Ned
10%
Zed
10%
Chug
9%
Ishani
9%
Sven the Governator
9%
Tony Trihull
9%
Crabby
8%
John Lassetire
8%
Maddy McGear
8%
Mayday
8%
Sparky
8%
Speed Demon
8%
Blade Ranger
7%
Dynamite
7%
Lil' Dipper
7%
Maru
7%
Mato
7%
Nick 'Loop'n' Lopez
7%
Rochelle
7%
Sweet Tea
7%
Windlifter
7%
Winnie
7%
Avalanche
6%
Blackout
6%
Cabbie
6%
Drip
6%
Harvey
6%
Ivy
6%
Leadbottom
6%
Ol' Jammer
6%
Pinecone
6%
Pulaski
6%
Secretary of the Interior
6%
Ryker
5%
Griswold
4%
Jeremy
4%
Margaret Motorray
4%
Mateo
4%
Noriyuki
4%
Clutch Humboldt
3%
Lance the Writer
3%
Squat
3%
Cap'n Long Leggy
2%
Town Marshal
2%
No matching quizzes found
Score Distribution
Percent of People with Each Score
Percentile by Number Answered
Your Score History
You have not taken this quiz